LEADER 01179nam a2200313 u 4500 001 000000029008 003 CaOOAMICUS 005 20070226111851.0 008 970108s1991 it a u000 u ita u 020 $a8842038512 035 $a10748545 040 $aMSA$bita 100 1 $aBrunetta, Gian Piero.$0(OLS)http://pul/name/23534 245 10$aCent'anni di cinema italiano /$cGian Piero Brunetta. 250 $a2. ed. 260 $aRoma :$bLaterza,$c1991. 300 $ax, 733 p. :$bill. (pt. color.) ;$c23 cm 490 1 $aStoria e memoria 500 $aFilmografia: p. [665]-706. 504 $aBibliografia: p. [657]-663. 650 4$aCinema$zItalia.$0(OLS)http://pul/subject/16705 830 0$aStoria e memoria.$0(OLS)http://pul/title/39645 850 $aPUL 852 $aPUL$W1$xSL Religione 2$y84$mRH E2 26$j40228$nBK-PRI$b $qStampati altre collocazioni$B40228$CPULBib$Z2$F40228 $H $81 941 1 $a10 961 $aINV: 72176 996 $6020$a8842038512$9(OLS)http://pul/number/36128 996 $6245$aCent'anni di cinema italiano$9(OLS)http://pul/title/39644 996 $6260$aRoma :$bLaterza$9(OLS)http://pul/publisher/47864 LEADER 01379nam a2200337 a 4500 001 000000124306 003 CaOOAMICUS 005 20110210160502.0 008 110210s2010 it u000 u ita r 020 $a978-88-372-2431-8 040 $aPUL$bita$dReb 041 1 $aita$hger 082 04$a230.01 100 1 $aBarth, Karl,$d1886-1968.$0(OLS)http://pul/name/5629 240 10$aPhilosophie und theologie$lItaliano.$0(OLS)http://pul/title/156687 245 10$aFilosofia e teologia /$cKarl Barth ; a cura di Andrea Aguti. 260 $aBrescia :$bMorcelliana,$cİ2010. 300 $a75 p. ;$c19 cm. 490 1 $aIl pellicano rosso.$aNuova serie ;$v120 504 $aBibliografia in nota. 650 4$aTeologia e filosofia.$0(OLS)http://pul/subject/121 700 1 $aAguti, Andrea,$d1967-$0(OLS)http://pul/name/35670 830 3$aIl pellicano rosso.$pNuova serie ;$v120.$0(OLS)http://pul/title/103420 850 $aPUL 852 $aPUL$W1$xSL Religione 3$y85$m230. 01 BARKA 1$j143101$qDDC 21$B142133$CPULBib$Z2$F142133 $H115371 $82 941 1 $a9 996 $6020$a978-88-372-2431-8$9(OLS)http://pul/number/146326 996 $6082$a230.01$9(OLS)http://pul/classification/1840 996 $6245$aFilosofia e teologia$9(OLS)http://pul/title/123311 996 $6260$aBrescia :$bMorcelliana$9(OLS)http://pul/publisher/47854